| 000 | 03241nas a2200313 a 4500 | ||
|---|---|---|---|
| 001 | 000469223 | ||
| 003 | AM-YEHGA | ||
| 005 | 20250805111842.0 | ||
| 008 | 051221d18871898ru |||pd|| || ||arm|| | ||
| 040 | _aAM-YEHGA | ||
| 041 | 0 | _aarm | |
| 245 | 0 | 0 |
_aԱրաքս : _bԳրական եւ գեղարուեստական պատկերազարդ հանդէս. _cԽմբ.-հրատարակիչ` Սիմէօն Գուլամիրեանց. |
| 260 |
_aՍ. Պետերբուրգ : _bտպ. Ի.Ն. Սկորոխոդովի, _c1887-1898. |
||
| 300 |
_aԳիրք ; _c24 x 17 սմ. |
||
| 362 | 0 | _a1887-1898. | |
| 500 | _a«Արաքսը» տպագրում էր հասարակական-քաղաքական, հայագիտական, պատմական, աշխարհագրական, կենսագրական, բանասիրական հոդվածներ: Տպագրվում էին արժեքավոր թարգմանություններ, հայ հեղինակների ստեղծագործություններ: | ||
| 500 | _aՀրատարակվել է Ա և Բ գրքերով: Հանդեսի 1894-1895թթ. տարեշրջանի Բ գիրքը նյութական խնդիրների պատճառով հրատարակվել է 1897թ. / Տե՛ս «Երկու խօսք», 1897Գիրք Բ, էջ 11: «Արաքս» հանդեսը ԱՄՆ Կոլումբյան աշխարհահանդեսի մասնաժողովի կողմից արժանացել է մեդալի /Տե՛ս 1897թ., Բ գիրք, էջ 4-5: | ||
| 500 | _aԵնթավերնագրեր՝ Պատկերազարդ հանդես Գրական, գեղարվեստական պատկերազարդ հանդես | ||
| 500 | _aՏպարաններ՝ Հ.Ի. Լիբերմանի Գ.Գ. Շկլեավերի | ||
| 504 | _aՏե՛ս Մատենագիտություն «Արաքս» գրական և գեղարվեստական հանդեսի (Ս.Պետերբուրգ): Կազմ.՝ Կարապետ Քացախյան, խմբ.՝ Արտաշես Նազինյան.- Երևան: Գիրք, 2006.- 122 էջ : | ||
| 525 | _a«Արաքս» հանդեսի հավելվածներն են. 1. «Հիշատակարան» (Ֆ. Դոստոևսկի), 1892թ. գիրք Բ-ում, 5-48 էջ (մաս առաջին),1898թ. գիրք Ա-ում, 235--262 էջ(մաս երկրորդ): 2. «Վաղեմի կալվածատերեր» (Ն.Գոգոլ, թարգմանեց` Յ. Աթանասյանցը), 1892թ. գիրք Ա-ում, 3-32 էջ: | ||
| 650 | 4 |
_aՀայեր _zՌուսաստան _vՊարբերականներ |
|
| 650 | 4 |
_aՀայագիտություն _vՊարբերականներ |
|
| 655 | 7 | _aԱմսագրեր | |
| 700 | 1 |
_aԳուլամիրեանց, Սիմէօն Ստեփանոսի, _eխմբ. _d1857-1899 |
|
| 856 | 4 | 1 |
_uhttps://naasr.follettdestiny.com/cataloging/servlet/presenttitledetailform.do?siteTypeID=-2&siteID=&includeLibrary=true&includeMedia=false&mediaSiteID=&bibID=30192&walkerID=1682420630759 _yBMLC (Գիրք Ա) |
| 856 | 4 | 1 |
_uhttps://naasr.follettdestiny.com/cataloging/servlet/presenttitledetailform.do?siteTypeID=-2&siteID=&includeLibrary=true&includeMedia=false&mediaSiteID=&bibID=30193&walkerID=1682420630759 _yBMLC (Գիրք Բ) |
| 942 |
_2udc _cCR |
||
| 999 |
_c171388 _d171388 |
||